000 00890nam a2200265 a 4500
999 _c36313
_d36313
003 OSt
005 20260115174903.0
008 030707c2012 mex spa
020 _a978-607-15-1127-0
040 _cBMC
082 _a612.015
082 _a611.018
100 1 _950022
_aMckee, Trudy
245 1 0 _aBioquímica
_b: las bases moleculares de la vida
_cTrudy Mckee, James R. Mckee ; traducción, Pablo Svarch
250 _a7ª ed
260 _aMéxico, D.F. [etc.]
_bMcGraw-Hill
_ccop. 2020
300 _aXXVII, 798 p.
_bil. col.
_c27 cm
500 _aIncluye apéndice, glosario, créditos iconográficos e índice
594 _1Traducción de: Biochemistry: The molecular basis of life
650 2 0 _aBioquímica
_98014
650 2 0 _aBiología molecular
_94163
700 1 _950023
_a McKee, James R. (James Robert)
700 _950024
_aSvarch, Pablo
942 _2ddc
_cBK